[Event "Asia-ch"]
[Site "Kolkata"]
[Date "2001.08.15"]
[Round "9"]
[White "Xu, Jun"]
[Black "Harikrishna, Pentala"]
[Result "1/2-1/2"]
[WhiteElo "2646"]
[BlackElo "2522"]
[Annotator "Lutz,C"]
[PlyCount "64"]
[EventDate "2001.08.09"]
[EventType "swiss"]
[EventRounds "11"]
[EventCountry "IND"]
[SourceTitle "CBM 085"]
[Source "ChessBase"]
[SourceDate "2001.11.13"]
[SourceVersion "1"]
[SourceVersionDate "2001.11.13"]
[SourceQuality "1"]

1. d4 d5 2. c4 c6 3. Nf3 Nf6 4. Nc3 e6 5. Bg5 dxc4 6. e4 b5 7. e5 h6 8. Bh4 g5
9. Nxg5 hxg5 10. Bxg5 Nbd7 11. g3 Rg8 $5 {Dieses System ist weniger populär
als die Hauptvariante 11... Bb7, wurde aber auch schon von Kramnik und Shirov
gespielt. Man beachte aber, dass Schwarz dieses System nicht wählen kann, wenn
Weiß direkt 11.exf6 spielt (dann hat Schwarz aber andere eigenständige
Optionen).} 12. h4 Rxg5 13. hxg5 Nd5 14. g6 fxg6 15. Qg4 {Das schwarze Problem
in diesem System ist, dass sein Damenflügel noch schläft, während Weiß bereits
am Königsflügel angreift. Weiß muss natürlich energisch spielen, um einen
Vorteil nachweisen zu können.} Qe7 16. Bg2 (16. Rh8 $5 Nxc3 17. bxc3 Qf7 18.
Bg2 Bb7 19. Be4 O-O-O 20. Bxg6 Qe7 21. a4 $1 a6 22. Rh7 Bg7 $13 {1/2-1/2
Kamsky,G-Serper,G/Groningen 1993/CBM 39/[Chekhov] (45)}) 16... Ba6 $5 {Dieser
Zug wurde vorher nur in einer Partie zweier weniger bekannter Spieler gespielt,
Trotzdem bleibt die schwarze Stellung etwas verdächtig.} (16... Qf7 {ist die
Hauptfortsetzung.} 17. Be4 Ne7 18. Nxb5 $1 (18. Rh8 Nb6 19. a4 b4 20. a5 bxc3
21. axb6 cxb2 22. Rxa7 Rb8 23. Rxe7+ Kxe7 24. Qg5+ Kd7 25. Bxg6 Rxb6 {0-1
Veingold,A-Korneev,O/Orense 2000/EXT 2001 (25)}) (18. O-O-O Ba6 $15 {Beliavsky,
A-Kramnik,V/Linares/1993/}) 18... cxb5 19. Bxa8 Nb6 20. Be4 Bd7 $1 21. Rh8 Bc6
22. f3 $1 $36 {/\ g4. 1-0 Shirov,A-Morovic Fernandez,I/Las Palmas 1994/CBM 42/
[Shirov] (40)}) (16... Bg7 $2 17. Qxg6+ Qf7 18. Qg4 $16 {1-0 Dautov,R-Gabriel,
C/Altensteig 1994/CBM 43/[Dautov] (38)}) 17. Qxg6+ Qf7 18. Qxf7+ Kxf7 19. f4 $5
$146 {Weiß geht sehr direkt gegen den gegnerischen König vor.} (19. Ne4 Bb4+
20. Ke2 Nf8 21. Rh8 Kg7 22. Rah1 Bc8 23. f4 a5 $13 {0-1 Thielsch,N-Schulz,J/
GER 1996/EXT 2001 (47)}) 19... Rc8 20. f5 exf5 21. Rh7+ Bg7 {Schwarz muss eine
Figur geben.} (21... Ke6 $2 {würde den König ins Mattnetz treiben.} 22. Bxd5+
cxd5 23. Ne2 Nxe5 (23... Bb4+ 24. Kf2 (24. Kd1) 24... Bd2 25. Nf4+ Bxf4 26.
gxf4 $18 {/\ Rh6, /\ Rg1-g6}) 24. Nf4+ Kd6 25. dxe5+ Kxe5 26. O-O-O $18) 22.
Bxd5+ (22. e6+ Kg6 23. exd7 Rd8 24. Rh2 Nb4 {nebst ...Rxd7}) 22... cxd5 23. e6+
Kg6 24. exd7 Rd8 25. Rxg7+ $2 {Nach der Rückgabe der Qualität gewinnt Weiß nur
einen wertlosen Bauern.} ({Nach} 25. Rh4 Rxd7 (25... Bf6 26. Rh2 Rxd7 27. Ne2)
26. Ne2 {nebst Kd2, Rah1, Nf4+ hat Weiß Vorteil. Schwarz kann sein Läuferpaar
nicht zur Geltung bringen.}) 25... Kxg7 26. a4 b4 27. Nxd5 Rxd7 28. Nxb4 Bb7
29. Rd1 Be4 {Da jetzt der Läufer ins Spiel gekommen ist, kann Schwarz trotz
des Minusbauern das Gleichgewicht halten.} 30. d5 Kf6 31. a5 Ke5 32. Kd2 Kd4
1/2-1/2

[Event "St Petersburg-ch"]
[Site "St Petersburg"]
[Date "1997.03.07"]
[Round "3"]
[White "Ionov, Sergey"]
[Black "Popov, Valerij"]
[Result "1/2-1/2"]
[WhiteElo "2530"]
[BlackElo "2430"]
[Annotator "Lutz,C"]
[PlyCount "70"]
[EventDate "1997.03.04"]
[EventType "swiss"]
[EventRounds "9"]
[EventCountry "RUS"]
[SourceTitle "CBM 058"]
[Source "ChessBase"]
[SourceDate "1997.06.01"]
[SourceVersion "1"]
[SourceVersionDate "1997.06.01"]
[SourceQuality "1"]

1. d4 d5 2. c4 e6 3. Nf3 Nf6 4. Nc3 c6 5. Bg5 dxc4 6. e4 b5 7. e5 h6 8. Bh4 g5
9. Nxg5 hxg5 10. Bxg5 Nbd7 11. exf6 Bb7 12. g3 c5 13. d5 Nxf6 14. Bg2 Bh6 15.
Bxf6 Qxf6 16. O-O O-O-O 17. Nxb5 exd5 18. Nxa7+ Kb8 19. Nb5 Bg5 {Die Neuerung
gegenüber 19...Bg7 aus der Stammpartie Kasparov,G-Ivanchuk,V (Linares 1994).
Schwarz will ohne Tempoverlust ...Qh6 und ...Bxh4 spielen.} (19... Bg7 20. a4
Qh6 21. h4 Bf6 22. Qe1 Bxh4 23. Qa5 $1 $40 {1-0 Kasparov,G-Ivanchuk,V/Linares
1994 (38)}) (19... Qxb2 {Ftacnik} 20. Qa4 $40) (19... d4 {Ftacnik} 20. Qa4 $1
$16) (19... Bf4 $5 {Ftacnik}) 20. Qe1 $1 {Die Dame schielt nach a5.} (20. f4 $2
Qh6 21. fxg5 $2 (21. h3 Be7 {ist gut für Schwarz, da der weiße Königsflügel
geschwächt ist. Allerdings verliert Weiß nicht sofort.}) 21... Qxh2+ 22. Kf2 d4
23. Rg1 Rh4 $1 {Droht ...Rf4+} 24. Rc1 (24. Qd2 Rg4) (24. Qa4 Rf4+ 25. Ke2 Re8+
) 24... Rf4+ 25. gxf4 Qh4+ 26. Kf1 Qxf4+ 27. Bf3 Bxf3 28. Qe1 Be4+ {0-1
Halkias,S-Kapnisis,S/Aegina op 1996}) (20. Qa4 Qa6 $1 {Schwarz braucht
Damentausch nicht zu fürchten.}) 20... Rd7 {Deckt das Feld c7, da sofortiges
20...Qh6 nichts bringt :} (20... Qh6 21. h4 Bxh4 (21... Bf6 22. a4 {führt mit
Zugumstellung zu Kasparov,G-Ivanchuk,V.}) 22. gxh4 Qxh4 23. Qe5+ Ka8 24. Qg3 $1
Qh6 25. Qa3+ {Man beachte, daß dieses Schach nur mäglich ist, weil der a-Bauer
noch nicht auf a4 steht.} Kb8 (25... Ba6 26. Qxa6+ Qxa6 27. Nc7+) 26. Qa7+ Kc8
27. Qxc5+ Kb8 28. Qc7+ Ka8 29. Rac1 $18 {/\} Rdg8 30. Qa5+ Kb8 31. Qa7+ Kc8 32.
Rxc4+) 21. b3 (21. Qa5 Qa6) 21... Qh6 22. Qe5+ $2 {Verliert ein wichtiges
Tempo. 22.h4! sieht Weiß im Vorteil.} (22. h4 $1 Bxh4 23. gxh4 Qxh4 (23... f6
24. Qe3 Qxh4 25. Qg3+ $18) 24. Qe5+ Ka8 25. Qg3 Qh6 26. bxc4 $18 {/\} d4 27.
Qa3+ Kb8 28. Qa7+ Kc8 29. Bxb7+ Rxb7 30. Qxc5+ Kb8 31. Qd6+ Qxd6 32. Nxd6 $18)
22... Ka8 23. h4 Bxh4 24. gxh4 f6 $1 (24... Qxh4 $2 25. Qg3 {führt zu den
Varianten nach 22.h4! .}) 25. Qc3 $11 {Nun muß Weiß Dauerschach forcieren.} (
25. Qg3 Rg7) 25... Qxh4 26. Qa5+ Kb8 27. Qa7+ Kc8 28. Qxc5+ Kb8 29. Rfe1 Rg8
30. Qa7+ Kc8 31. Qc5+ Kb8 32. Kf1 Qg4 33. Qa7+ Kc8 34. Qc5+ Kb8 35. Qa7+ Kc8
1/2-1/2

[Event "North Sea Cup 17th"]
[Site "Esbjerg"]
[Date "2002.07.05"]
[Round "1"]
[White "Hansen, Curt"]
[Black "Dominguez Perez, Leinier"]
[Result "1/2-1/2"]
[WhiteElo "2625"]
[BlackElo "2613"]
[Annotator "Lutz,C"]
[PlyCount "83"]
[EventDate "2002.07.05"]
[EventType "tourn"]
[EventRounds "9"]
[EventCountry "DEN"]
[EventCategory "14"]
[SourceTitle "CBM 091"]
[Source "ChessBase"]
[SourceDate "2002.11.12"]
[SourceVersion "1"]
[SourceVersionDate "2002.11.12"]
[SourceQuality "1"]

1. d4 d5 2. c4 c6 3. Nf3 Nf6 4. Nc3 e6 5. Bg5 dxc4 6. e4 b5 7. e5 h6 8. Bh4 g5
9. Nxg5 hxg5 10. Bxg5 Nbd7 11. g3 Bb7 12. Bg2 Qc7 $5 {Die Hauptfortsetzung
hier ist natürlich 12...Qb6, aber Dominguez wählt nun zum wiederholten Male
das seltenere 12...Qc7, vergleiche CBM 89.} 13. exf6 c5 14. O-O ({Nach} 14. d5
b4 $1 {hat Schwarz anscheinend gutes Spiel.} (14... Qe5+ $6 {Ivanov,S-Svirin,O/
Russia 75/(399) 1999/Inf 75/[Ivanov,Se] (24) Lutz}) 15. Nb5 (15. dxe6 Bxg2 16.
exd7+ Qxd7 17. Qe2+ Qe6 18. Rg1 Bc6 19. Qxe6+ fxe6 20. Ne2 Rxh2) (15. Qe2 bxc3
16. dxe6 Ne5 $19) (15. Ne2 Nb6) (15. Bf4 e5 16. d6 Qb8 17. Nd5 exf4 18. Nc7+
Kd8 $17) (15. O-O $6 bxc3 16. dxe6 fxe6 17. Qe2 Kf7 $17 {0-1 Almeida,
O-Dominguez,L/Holguin City 2002/CBM 89/[Lutz] (53)}) 15... Qb6 $1 16. dxe6
Qxe6+ 17. Kf1 O-O-O 18. Nxa7+ Kb8 19. Qa4 Bxg2+ 20. Kxg2 Kb7 21. Nb5 Qc6+ 22.
f3 Ra8 23. Qd1 Qxb5 24. Qd5+ Qc6 25. Qxf7 Bd6 $13) (14. Bf4 $5 e5 15. Nd5 Bxd5
16. Bxd5 O-O-O 17. dxe5 Nxe5 18. O-O Bd6 19. a4 Nd3 20. Bxd6 Rxd6 21. Qg4+ Qd7
22. Qxd7+ Kxd7 23. Bxf7 Ne5 24. axb5 Nxf7 25. Rfe1 Rxf6 26. Rxa7+ Kd8 27. b6 {
1-0 Vilela,J-Vera,R/La Habana 1984/Inf 37 (27)}) 14... Bxg2 (14... b4 $6 15.
Bf4 $1 e5 16. Nd5 Bxd5 17. Bxd5 O-O-O 18. dxe5 Nxe5 19. Bxe5 Qxe5 20. Qg4+ $16
{Ruban,V}) 15. Kxg2 Qb7+ 16. f3 O-O-O 17. dxc5 Nxc5 18. Qe2 Nd3 19. Ne4 $14 Qc6
{Hier erfolgt Dominguez' Neuerung. Wie in der Botvinnik-Variante üblich, hat
Schwarz einen luftigen König, kann dafür aber auf seine Mehrheit am
Damenflügel hoffen. In dieser Stellung kommt auch noch hinzu, dass der Nd3 ein
Riese ist. Dennoch erscheint mir die Stellung des Weißen (der auch noch über
einen Mehrbauern verfügt) besser.} (19... Bh6 20. h4 (20. Bxh6 Rxh6 21. b3 Qb6
22. bxc4 bxc4 23. Qc2 Qc6 24. Rab1 Rh5 25. Rb3 Rb5 26. Rxb5 Qxb5 27. Rb1 Qa6
28. Nd2 Rd4 29. Qc3 e5 30. a3 Qc6 31. Qa5 c3 32. Qxa7 Nb4 33. Nb3 Rd7 34. Qg1
c2 35. axb4 Rd3 36. Rc1 Qxf3+ 37. Kh3 Qh5+ 38. Kg2 Qf3+ 39. Kh3 Qf5+ 40. Kg2
Qe4+ 41. Kh3 Qh7+ 42. Kg2 {1/2-1/2 Ruban,V-Savchenko,S/Tbilisi 1989/CBM 12 (42)
}) 20... Qb6 21. b3 Qd4 22. bxc4 bxc4 23. Rab1 Rd5 24. Qc2 Bxg5 25. hxg5 Ra5
26. Rfd1 Rd8 27. a4 Re5 28. Rxd3 Qxd3 29. Qb2 Qb3 30. Qxe5 Qxb1 31. Nd6+ Rxd6
32. Qxd6 Qc2+ 33. Kf1 Qb1+ 34. Ke2 Qb2+ 35. Ke3 Qc1+ 36. Ke2 Qb2+ 37. Ke3 Qc1+
38. Qd2 Qg1+ 39. Qf2 Qc1+ 40. Qd2 Qg1+ 41. Qf2 Qc1+ 42. Ke2 Qc2+ 43. Kf1 Qc1+
44. Ke2 {1/2-1/2 Nielsen,U-Bentzen,E/DEN 1994/EXT 99 (44)}) 20. Rfd1 Bc5 21. b3
Ba3 22. bxc4 bxc4 23. Rab1 Rd5 24. h4 Rhd8 25. Rd2 Nb4 26. Qf2 R8d7 27. h5 c3
28. Rxd5 c2 29. Rxb4 Rxd5 30. Rb3 Rxg5 31. Qxa7 Rb5 32. Rc3 $2 (32. Rxb5 $18 {
gewinnt.} Qxb5 33. Qxa3 Qe2+ 34. Nf2 Qd2 {Weiß kann zwar nun nicht die
Umwandlung des c-Bauern verhindern, erhält aber andererseits selbst eine Dame:}
35. Qf8+ Kb7 36. Qxf7+ Kb8 37. Qf8+ Kc7 38. Qe7+ Kc6 39. Qxe6+ {nebst
f6-f7-f8Q.}) 32... Qxc3 33. Nxc3 Rb2 34. Qa8+ Kd7 35. Qa4+ Kd8 36. Qa5+ Kd7 37.
Qa4+ Kd8 38. Qa8+ Kd7 39. Qa4+ Kd8 40. Qa5+ Kd7 41. Qa4+ Kd8 42. Qa8+ 1/2-1/2

[Event "Boskovic Memorial"]
[Site "Belgrade"]
[Date "2000.10.04"]
[Round "2"]
[White "Georgiev, Kiril"]
[Black "Ivanisevic, Ivan"]
[Result "1-0"]
[WhiteElo "2661"]
[BlackElo "2530"]
[Annotator "Lutz,C"]
[PlyCount "121"]
[EventDate "2000.10.03"]
[EventType "tourn"]
[EventRounds "9"]
[EventCountry "YUG"]
[EventCategory "14"]
[SourceTitle "CBM 080"]
[Source "ChessBase"]
[SourceDate "2001.01.25"]
[SourceVersion "1"]
[SourceVersionDate "2001.01.25"]
[SourceQuality "1"]

1. d4 d5 2. c4 c6 3. Nf3 Nf6 4. Nc3 e6 5. Bg5 dxc4 6. e4 b5 7. e5 h6 8. Bh4 g5
9. Nxg5 hxg5 10. Bxg5 Nbd7 11. g3 Rg8 12. h4 Bb7 $5 ({Gewöhnlicher ist} 12...
Rxg5 13. hxg5 Nd5 14. g6) 13. Bg2 Rxg5 {Ich glaube, dass der Einschub von ...
Lb7/Lg2 (statt sofortigem 12...Txg5) eher günstig für Weiß ist, denn Weiß
entwickelt in dieser Variante den Bf1 gewöhnlich nach g2, während der Bc8
entweder nach a6 oder nach d7 entwickelt wird.} 14. hxg5 Nd5 15. g6 $1 {
Der typische Zug in dieser Variante, um sofort am Königsflügel die Initiative
zu erringen.} fxg6 16. Qg4 Qe7 17. Qxg6+ Qf7 18. Qxf7+ Kxf7 19. f4 {
Offensichtlich ist die Stellung wegen der ungewöhnlichen Materialverteilung
sehr scharf, aber mein Eindruck ist, dass Weiß besser steht.} Ne3 20. Be4 Rd8
21. Ke2 Nf5 22. Bxf5 exf5 23. Rh5 b4 24. Na4 c5 25. Nxc5 Bxc5 26. dxc5 Be4 {
Schwarz hat einen Bauern gegeben, um seine Figuren zu befreien, aber der weiße
c-Bauer wird nun eine größere Rolle spielen, als dem Schwarzen lieb sein kann.}
27. c6 $1 Nb6 28. Rh7+ Kg6 29. Rxa7 Nd5 30. Rd1 c3 (30... Rh8 $5 31. Rxd5 Bxd5
32. c7 $36) 31. c7 Rc8 32. Rxd5 cxb2 33. Rd1 Bc2 34. Re1 b1=Q 35. Rxb1 Bxb1 36.
Ke3 Bc2 $6 (36... Kf7 37. Kd4 Ke6 38. Kc5 Kd7 39. Kxb4 Rxc7 40. Rxc7+ Kxc7 41.
a4 Kc6 {ist eine bessere Version als die Partie, da im Vergleich der schwarze
König aktiver steht.}) 37. Kd4 Kf7 38. Kc5 Ke7 39. Kxb4 {Mein Eindruck ist,
das diese Stellung mit einem Remis enden sollte.} Kd7 40. Kb5 Be4 41. Kc5 Rxc7+
(41... Bg2 42. a4 Bf3 43. a5 Bg2 44. a6 Bf3 45. Rb7 $1 Be4 46. Kb6 Re8 $16) 42.
Rxc7+ Kxc7 43. a4 Kd7 44. a5 Bf3 45. a6 Be4 46. Kd4 Bf3 47. Ke3 Ba8 48. a7 Ke6
$2 {Dies sieht wie der entscheidende Fehler aus. Schwarz sollte sofort den Ba7
eliminieren.} (48... Kc7 $5 49. Kf2 (49. g4 fxg4 50. f5 g3 $11) 49... Kb6 50.
g4 fxg4 51. f5 Kxa7 52. e6 Bd5 53. Kg3 Kb7 $11) 49. Kf2 Kf7 50. Kg1 Kg6 51. Kh2
Bf3 52. Kh3 Kh5 53. Kh2 Kg6 54. Kg1 Ba8 55. Kf2 Kf7 56. g4 fxg4 57. Kg3 Bf3 (
57... Ke6 58. Kxg4 Be4 (58... Bd5 59. Kg3 $18 {nebst Überführung des weißen
Königs nach b6}) 59. Kg5) 58. f5 Ke7 59. e6 Kf6 60. Kf4 Ke7 61. Ke5 (61. Ke5 g3
62. f6+ Kd8 (62... Ke8 63. Kf4 g2 64. Kxf3 g1=Q 65. a8=Q#) 63. Kd6 Ke8 64. f7+
Kf8 65. Kd7 $18) 1-0

[Event "Tilburg Fontys"]
[Site "Tilburg"]
[Date "1998.10.26"]
[Round "4"]
[White "Kramnik, Vladimir"]
[Black "Piket, Jeroen"]
[Result "1/2-1/2"]
[WhiteElo "2780"]
[BlackElo "2605"]
[Annotator "Lutz,C"]
[PlyCount "101"]
[EventDate "1998.10.23"]
[EventType "tourn"]
[EventRounds "11"]
[EventCountry "NED"]
[EventCategory "18"]
[SourceTitle "EXT 1999"]
[Source "ChessBase"]
[SourceDate "1998.11.16"]
[SourceVersion "1"]
[SourceVersionDate "1998.11.16"]
[SourceQuality "1"]

1. d4 d5 2. c4 c6 3. Nf3 Nf6 4. Nc3 e6 5. Bg5 dxc4 6. e4 b5 7. e5 h6 8. Bh4 g5
9. Nxg5 hxg5 10. Bxg5 Nbd7 11. g3 Bb7 12. Bg2 Qb6 13. exf6 O-O-O 14. O-O Bh6 {
Eine ungebrächliche Nebenvariante zu 14...c5.} (14... c5) 15. Bxh6 Rxh6 16. Qc1
$146 {Eine Neuerung, deren Schlagkraft allerdings nicht überwältigen kann. 16.
Ne4!? ist wohl der kritische Zug.} (16. a4 {0-1 Wells,P-Lukacs,P/Budapest 1994/
CBM 40/[Ftacnik] (30)}) (16. Ne4 {1-0 Beliavsky,A-Palac,M/Bled 1996/CBM 51 ext/
[Beliavsky] (37)}) (16. Qd2 {0-1 Van Hecke,E-Kuijs,M/Vlissingen 1998/EXT 99 
(37)}) 16... Rdh8 17. Ne4 (17. h4 c5 $5) 17... c5 {Nun leitet die Partie in
ein Endspiel über.} (17... Qxd4 $2 18. Rd1 {nebst Nd6+.}) (17... Rxh2 18. Nd6+
Kb8 {und Weiß hat verschiedene Möglichkeiten:} 19. Nxb7 $1 (19. a4 Ba8 $5 $13 (
19... Qxd4 20. Rd1)) (19. Nxf7 c5 20. f3 Qc7 $13) (19. Qf4 Qc7 20. a4 Nxf6 21.
axb5 Nd5 $36) 19... Kxb7 20. a4 {mit weißem Angriff.}) 18. Qf4 (18. h4 cxd4 19.
Qf4 e5) 18... Rxh2 19. Nd6+ Qxd6 $1 20. Bxb7+ (20. Qxd6 $2 Rxg2#) 20... Kc7 21.
Qxd6+ Kxd6 {Das Endspiel ist ungefähr ausgeglichen.} 22. a4 b4 23. Rfd1 Nxf6
24. Bf3 (24. Rac1 Nd5 {schließt den Bb7 aus.}) 24... Nd5 {Schwarz plant c3} 25.
Rac1 c3 26. dxc5+ Kxc5 27. bxc3 Nxc3 28. Rd7 {Der Kc5 sieht gefährdet aus,
allerdings hält der Nc3 alles unter Kontrolle und der Pb4 ist gefährlich.} R2h7
29. Rxa7 f5 30. Ra6 e5 31. Rc6+ Kd4 32. Rc2 {Es droht Rd2 matt!} Kd3 33. Rb2 e4
34. Bg2 Ne2+ 35. Kf1 Nd4 36. Rd6 Rb8 37. Rb1 b3 (37... Kc2 $5 {gibt Weiß
einige Probleme.}) 38. Rd1+ Kc2 39. R1xd4 b2 40. Rc6+ Kb3 41. Rd1 Ka3 42. Rc3+
Rb3 43. Rxb3+ Kxb3 44. Ke2 Rc7 45. Rb1 Ka2 46. Rxb2+ Kxb2 47. g4 {Weiß rettet
sich ins Unentschieden.} fxg4 48. Bxe4 Rc4 49. Ke3 Rxa4 50. Kf4 Kc3 51. f3
1/2-1/2

[Event "FRA-ch"]
[Site "Val d'Isere"]
[Date "2002.08.21"]
[Round "3"]
[White "Bacrot, Etienne"]
[Black "Fressinet, Laurent"]
[Result "1-0"]
[WhiteElo "2653"]
[BlackElo "2619"]
[Annotator "Lutz,C"]
[PlyCount "75"]
[EventDate "2002.08.19"]
[EventType "tourn"]
[EventRounds "11"]
[EventCountry "FRA"]
[EventCategory "13"]
[SourceTitle "CBM 091"]
[Source "ChessBase"]
[SourceDate "2002.11.12"]
[SourceVersion "1"]
[SourceVersionDate "2002.11.12"]
[SourceQuality "1"]

1. d4 d5 2. c4 c6 3. Nf3 Nf6 4. Nc3 e6 5. Bg5 dxc4 6. e4 b5 7. e5 h6 8. Bh4 g5
9. Nxg5 hxg5 10. Bxg5 Nbd7 11. g3 Rg8 {Diese Variante gilt als etwas besser
für Weiß, aber klar ist die Sache (wie in den meisten Abspielen der
Botvinnik-Variante) natürlich nicht. Auf der schwarzen Seite dieses Abspiel
finden sich so klangvolle Namen wie Kramnik und Shirov.} 12. h4 Rxg5 13. hxg5
Nd5 14. g6 fxg6 15. Qg4 Qe7 16. Bg2 {Der Hauptzug, Weiß will schnell am
Königsflügel angreifen.} Kd8 $5 {Eine seltene Alternative zur Hauptvariante 16.
..Qf7. Schwarz versucht, seinen König am Damenflügel zu verstecken.} (16... Qf7
17. Be4 Ne7 18. Nxb5 $1 (18. Rh8 Nb6 19. a4 b4 20. a5 bxc3 21. axb6 cxb2 22.
Rxa7 Rb8 23. Rxe7+ Kxe7 24. Qg5+ Kd7 25. Bxg6 Rxb6 {0-1 Veingold,A-Korneev,O/
Orense 2000/EXT 2001 (25)}) (18. O-O-O Ba6 $15 {Beliavsky,A-Kramnik,V/Linares/
1993/}) 18... cxb5 19. Bxa8 Nb6 20. Be4 Bd7 $1 21. Rh8 Bc6 22. f3 $1 $36 {
/\ g4. 1-0 Shirov,A-Morovic Fernandez,I/Las Palmas 1994/CBM 42/[Shirov] (40)})
(16... Ba6 $5 17. Qxg6+ Qf7 18. Qxf7+ Kxf7 19. f4 $5 Rc8 20. f5 exf5 21. Rh7+
Bg7 22. Bxd5+ cxd5 23. e6+ Kg6 24. exd7 $16 {1/2-1/2 Xu Jun-Harikrishna,P/
Calcutta 2001/CBM 85/[Lutz] (32)}) (16... Bg7 $2 17. Qxg6+ Qf7 18. Qg4 $16 {
1-0 Dautov,R-Gabriel,C/Altensteig 1994/CBM 43/[Dautov] (38)}) (16... Bb7 $6 17.
Qxg6+ Qf7 18. Qxf7+ Kxf7 19. Rh7+ Bg7 20. Bxd5 cxd5 21. Nxb5 Kg8 22. Rh2 Nxe5
23. dxe5 Bxe5 24. f4 a6 25. fxe5 axb5 26. O-O-O $18 {1-0 Ravi,L-Harikrishna,P/
New Delhi 2001/CBM 82 ext (44)}) 17. Bxd5 $1 $146 {Diese Neuerung scheint
Schwarz vor einige Probleme zu stellen.} (17. Qxg6 Qb4 18. Qc2 (18. Bxd5 Qxb2)
18... Qa5 (18... c5 19. O-O-O Nxc3 20. Qxc3 Qxc3+ 21. bxc3 Rb8 22. f4 cxd4 23.
Rxd4 Bc5 24. Rdd1 Rb6 25. Rh7 b4 26. cxb4 Bxb4 27. Be4 Ra6 28. f5 Bc3 29. Bb7
Rxa2 30. Bxc8 Ra1+ 31. Kc2 Rxd1 32. Kxd1 Kxc8 33. fxe6 Bxe5 34. Rxd7 $18 {
1-0 Garza Marco,S-Garcia Martinez,S/Santa Clara 2002/CBM 88 ext (74)}) 19. O-O
N7b6 20. Ne4 Kc7 21. Nf6 Qb4 22. Qg6 Nxf6 23. exf6 Bd7 24. Rae1 Qxb2 25. Qf7
Re8 26. Bh3 Bd6 27. Bxe6 Qxd4 28. Rd1 Qc5 29. Bxd7 Rf8 30. Qg7 Nxd7 31. f7 Ne5
{0-1 Kramnik,V-Shirov,A/Monaco 2002/CBM 87 ext (31)}) 17... cxd5 (17... exd5 $2
18. Qxg6 $16) 18. Qxg6 Rb8 (18... Ba6 19. Rh7 Qe8) 19. Rh7 Qe8 20. Qxe8+ Kxe8
21. f4 $16 {Nun rücken die Bauern einfach vor.} b4 22. Ne2 Ba6 23. g4 c3 24. b3
{Weiß lässt einen gedeckten Freibauern auf c3 zu, um den Damenflügel
geschlossen zu halten.} Bd3 25. f5 $1 Rb6 (25... exf5 26. Nf4 Be4 27. g5 $16 {
/\ g6-g7}) 26. Nf4 Be4 27. Ke2 Be7 (27... exf5 28. g5 $16) 28. Rh8+ Kf7 (28...
Nf8 29. f6 Bd8 30. g5 Kf7 31. Rg1 $18) 29. fxe6+ Rxe6 30. Rf1 (30. Nxe6 Kxe6
31. Rh6+ Kf7 $13) 30... Ra6 $2 (30... Nxe5 {musste unbedingt versucht werden.
Danach ist mir nicht ganz klar, ob Weiß gewinnen kann.} 31. Nxe6+ Kxe6 32. dxe5
Kxe5 33. Re8 {Weiß gibt die Qualität, da ansonsten nach ...Bg5 die schwarzen
Freibauern zu gefährlich werden.} Kd6 34. Rxe7 Kxe7 35. Ke3 Ke6 36. Kd4 {
Weiß provoziert den Vormarsch des c-Bauern nach c2.} (36. g5 $2 Ke5 {nebst
Vormarsch des d-Bauern nach d2 gewinnt gar für Schwarz.}) 36... c2 (36... a5
37. g5 c2 38. Ke3 Ke5 39. Kd2 Bf5 40. a3 Be4 41. axb4 axb4 42. Rf6 $16) 37. g5
a5 38. Ke3 Ke5 39. Kd2 $16 {und der weiße Turm greift die schwarzen Bauern am
Damenflügel an.}) 31. e6+ Kg7 (31... Rxe6 32. Nxe6+ Kxe6 33. Rh6+ Nf6 34. g5
Bf5 35. gxf6 Bxf6 36. Kd1 $18 {und Schwarz gerät in Zugzwang}) 32. Re8 Rxa2+
33. Ke3 Bg5 34. exd7 Rd2 35. Rxe4 dxe4 36. Kxe4 $18 Be7 37. Nd5 Bg5 (37... Bd8
38. Nxb4 c2 39. Rc1 $18) 38. Nf6 $1 (38. Nf6 Bxf6 39. Rxf6 $18) 1-0

[Event "St Petersburg-ch"]
[Site "St Petersburg"]
[Date "1997.03.11"]
[Round "6"]
[White "Ionov, Sergey"]
[Black "Ivanov, Sergey"]
[Result "1/2-1/2"]
[WhiteElo "2530"]
[BlackElo "2515"]
[Annotator "Lutz,C"]
[PlyCount "43"]
[EventDate "1997.03.04"]
[EventType "swiss"]
[EventRounds "9"]
[EventCountry "RUS"]
[SourceTitle "CBM 058"]
[Source "ChessBase"]
[SourceDate "1997.06.01"]
[SourceVersion "1"]
[SourceVersionDate "1997.06.01"]
[SourceQuality "1"]

1. c4 e6 2. Nc3 d5 3. d4 c6 4. Nf3 Nf6 5. Bg5 dxc4 6. e4 b5 7. e5 h6 8. Bh4 g5
9. Nxg5 hxg5 10. Bxg5 Nbd7 11. g3 Bb7 12. Bg2 Qb6 13. exf6 O-O-O 14. O-O c5 15.
d5 b4 16. Rb1 Bh6 17. Bxh6 Rxh6 18. b3 {Dies ist aus der Partie Piket,
J-Illescas,M (Dos Hermanas 1995) bekannt. Schwarz wartet mit einer wichtigen
Neurung auf.} bxc3 (18... cxb3 {Piket,J-Illescas,M (Dos Hermanas 1995)}) (18...
Nxf6 {Hansen,Cu} 19. bxc4 Ba6 20. Na4 Qa5 21. Re1 $40) 19. bxc4 Qa6 20. Rxb7
Qxb7 21. dxe6 {Mit klarem weißen Vorteil gemäß Ftacnik. Die Sache ist aber
nicht so klar.} Qb2 $1 {Es ist wichtig, den Pc3 zu beschützen.} (21... Qa6 {
Hansen,Cu} 22. Qc1 Rxf6 23. exd7+ Rxd7 24. Qxc3 $16) 22. exd7+ {Und hier wurde
Frieden geschlossen. Dies ist anscheinend auch das korrekte Resultat nach 18.
b3.} (22. exd7+ Rxd7 23. Qf3 c2 24. Qc6+ Kd8 25. Qa8+ Kc7 26. Qc6+ Kd8 27. Qa8+
Kc7 28. Qxa7+ Kd6 $1 (28... Kd8 $2 29. Qa5+ Kc8 (29... Rc7 30. Qd2+) 30. Qxc5+
{nebst Qf8xh6}) 29. Qa6+ Kc7 30. Qc6+ (30. Qa5+ Kb8) 30... Kd8 31. Qa8+ Kc7 32.
Qc6+ {1/2-1/2 Novikov,I-Ivanov,S/RUS-Cup1 Chigorin-mem (5) 1996}) 1/2-1/2